000 01899nam0a22004091 4500
001 v19\rc\1576964
005 20260412062650.0
035 _a(NLR Aleph) 004835746
090 _a4769408
_c4769408
100 _a20061002d1893 |||y0rusy50 ca
101 1 _arus
_cfre
102 _aRU
105 _ac z |||||
200 1 _aПариж в Америке
_fЭ. де Лабулэ
_gПер. с 36 изд. С.М. Брильянта
_g[С предисл. авт.
_gПредисл.: М. Ледерле]
210 _aСанкт-Петербург
_cМ.М. Ледерле и К°
_d1893
215 _aVIII, 430, II с., 1 л. фронт. (портр.)
_d17
225 1 _aМоя библиотека
_v№№ 32-36
300 _aНа обл.: Эдуард де-Лабулэ
300 _aНа шмуцтит. загл. также на фр. яз.: Paris en Amérique, par le docteur René Lefebvre parisien de la Société des Contribuables de France et des Administrés de Paris...
300 _aПредисл.: М. Ледерле
517 0 _aParis en Amérique
700 1 _8rus
_7ca
_aЛабуле
_bЭ. Р. Л.
_f1811-1883
_gЭдуар Рене Лефевр
_3RU\NLR\AUTH\7776408
_959336
702 1 _4730
_8rus
_7ca
_aБрилиант
_bС. М.
_fок.1860-ок.1930
_gСемен Моисеевич
_3RU\NLR\AUTH\7793455
_976381
702 1 _aЛедерле
_bМ.М.
_gМихаил Михайлович
_4080
790 1 _9z01700
_aЛабулэ
_bЭ.Р.Л. де
_f1811-1883
_gЭдуар Рене Лефевр де
790 1 _9z02702
_aБрильянт
_bС.М.
_fок. 1860-
_gСемен Моисеевич
801 0 _aRU
_bNLR
_gpsbo
801 0 _aRU
_bRuMoRGB
_2psbo
801 1 _aRU
_bProSoft-M
_2rusmarc
852 _aNLR
_j18.195.5.30(14)
899 _aRuMoRGB
_jM 59/132
899 _aRuMoRGB
_jW 22/169
899 _aБАН
899 _aНБ СПбГУ
942 _cBOOK
980 _aNB